What is a Business. Book 1 / (Record no. 16033)

MARC details
000 -LEADER
fixed length control field 00850nam a22002417a 4500
008 - FIXED-LENGTH DATA ELEMENTS--GENERAL INFORMATION
fixed length control field 110914s2011 enk|||||r|||| 000 0 eng d
020 ## - INTERNATIONAL STANDARD BOOK NUMBER
International Standard Book Number 1848735863
020 ## - INTERNATIONAL STANDARD BOOK NUMBER
International Standard Book Number 9781848735866
082 ## - DEWEY DECIMAL CLASSIFICATION NUMBER
Edition number 22
Classification number 658
Item number PRE
100 ## - MAIN ENTRY--PERSONAL NAME
9 (RLIN) 27191
Personal name Preston, Diane
245 ## - TITLE STATEMENT
Title What is a Business. Book 1 /
Statement of responsibility, etc Written by Diane Preston with contributions from Mick Fryer and George Watson
250 ## - EDITION STATEMENT
Edition statement 4th ed.
260 ## - PUBLICATION, DISTRIBUTION, ETC. (IMPRINT)
Place of publication, distribution, etc Milton Keynes, MK :
Name of publisher, distributor, etc Business School, The Open University, 2011.
Date of publication, distribution, etc 2011.
300 ## - PHYSICAL DESCRIPTION
Extent 110 p. :
Other physical details ill. ;
Dimensions 30 cm.
490 ## - Series Statement
-- 27189
Series statement An Introduction to Business Studies ;
-- B120
Volume/sequential designation Book 1
504 ## - BIBLIOGRAPHY, ETC. NOTE
Bibliography, etc Includes bibliographical references p.85
650 ## - SUBJECT ADDED ENTRY--TOPICAL TERM
9 (RLIN) 1569
Topical term or geographic name as entry element Industrial management
650 ## - SUBJECT ADDED ENTRY--TOPICAL TERM
9 (RLIN) 19142
Topical term or geographic name as entry element Business.
653 ## - INDEX TERM--UNCONTROLLED
Resource For college
Arrived date list September2011
700 ## - ADDED ENTRY--PERSONAL NAME
9 (RLIN) 27192
Personal name Fryer, Mick
700 ## - ADDED ENTRY--PERSONAL NAME
9 (RLIN) 27193
Personal name Watson, George
942 ## - ADDED ENTRY ELEMENTS (KOHA)
Source of classification or shelving scheme Dewey Decimal Classification
Item type Book - Borrowing
Holdings
Withdrawn status Item status Source of classification or shelving scheme Damaged status Not for loan Vendor Home library Current library Shelving location Date acquired Source of acquisition Cost, normal purchase price Total Checkouts Total Renewals Full call number Barcode Date last seen Date last borrowed Cost, replacement price Koha item type Public note Materials specified (bound volume or other part)
    Dewey Decimal Classification     Baccah Central Library Central Library First floor 14/09/2011   180.00 3 5 658 PRE 000024741 15/07/2025 23/03/2014 225.00 Book - Borrowing Book 1  
    Dewey Decimal Classification     Baccah Central Library Central Library First floor 14/09/2011   180.00 1 2 658 PRE 000024742 15/07/2025 29/09/2011 225.00 NB - Book (Non borrowing) Book 1  
    Dewey Decimal Classification     Baccah Central Library Central Library First floor 26/09/2011   180.00 1   658 PRE 000024932 15/07/2025 29/09/2011 225.00 Book - Borrowing    
    Dewey Decimal Classification     Baccah Central Library Central Library First floor 27/09/2011   180.00 1   658 PRE 000024938 15/07/2025 29/09/2011 225.00 Book - Borrowing    
    Dewey Decimal Classification     Baccah Central Library Central Library First floor 13/10/2011   180.00 1 5 658 PRE 000025450 15/07/2025 20/11/2011 225.00 Book - Borrowing    
    Dewey Decimal Classification     Baccah Central Library Central Library First floor 13/10/2011   180.00 3 12 658 PRE 000025451 15/07/2025 23/03/2014 225.00 Book - Borrowing    
  Lost Dewey Decimal Classification     Baccah Central Library Central Library First floor 24/10/2011   180.00     658 PRE 000025469 24/10/2011   225.00 Book - Borrowing   Lost In Inventory_2005-2015/8/22
    Dewey Decimal Classification     Baccah Central Library Central Library First floor 24/10/2011   180.00 2 11 658 PRE 000025470 15/07/2025 20/10/2015 225.00 Book - Borrowing    
    Dewey Decimal Classification     Baccah Central Library Central Library First floor 30/10/2011   180.00 3 22 658 PRE 000025488 15/07/2025 20/02/2018 225.00 Book - Borrowing    
    Dewey Decimal Classification     Baccah Central Library Central Library First floor 30/10/2011   180.00 2 3 658 PRE 000025487 15/07/2025 08/11/2015 225.00 Book - Borrowing    
    Dewey Decimal Classification     Baccah Central Library Central Library First floor 30/10/2011   180.00 2   658 PRE 000025486 15/07/2025 22/12/2011 225.00 Book - Borrowing    
    Dewey Decimal Classification     Baccah Central Library Central Library First floor 13/11/2011   180.00 3 1 658 PRE 000025612 15/07/2025 25/03/2012 225.00 Book - Borrowing    
    Dewey Decimal Classification     Baccah Central Library Central Library First floor 13/11/2011   180.00 5 9 658 PRE 000025613 15/07/2025 04/06/2015 225.00 Book - Borrowing    
    Dewey Decimal Classification     Baccah Central Library Central Library First floor 13/11/2011   180.00 2 3 658 PRE 000025614 15/07/2025 26/11/2017 225.00 Book - Borrowing